The quantum theory of fields / (Record no. 121733)
[ view plain ]
| 000 -LEADER | |
|---|---|
| fixed length control field | 01166cam a2200301 a 4500 |
| 001 - CONTROL NUMBER | |
| control field | 4923380 |
| 003 - CONTROL NUMBER IDENTIFIER | |
| control field | ARRUPE |
| 005 - DATE AND TIME OF LATEST TRANSACTION | |
| control field | 20150127151201.0 |
| 008 - FIXED-LENGTH DATA ELEMENTS--GENERAL INFORMATION | |
| fixed length control field | 950120m19952000enka b 001 0 eng |
| 010 ## - LIBRARY OF CONGRESS CONTROL NUMBER | |
| LC control number | 95002782 |
| 020 ## - INTERNATIONAL STANDARD BOOK NUMBER | |
| International Standard Book Number | 0521550017 (v. 1) |
| 020 ## - INTERNATIONAL STANDARD BOOK NUMBER | |
| International Standard Book Number | 0521550025 (v. 2) |
| 020 ## - INTERNATIONAL STANDARD BOOK NUMBER | |
| International Standard Book Number | 0521660009 (v. 3) |
| 040 ## - CATALOGING SOURCE | |
| Original cataloging agency | DLC |
| Transcribing agency | DLC |
| Modifying agency | DLC |
| 050 00 - LIBRARY OF CONGRESS CALL NUMBER | |
| Classification number | QC174.45 |
| Item number | .W45 1995 |
| 082 00 - DEWEY DECIMAL CLASSIFICATION NUMBER | |
| Classification number | 530.1/43 |
| Edition number | 20 |
| 300 ## - PHYSICAL DESCRIPTION | |
| Other physical details | ill. ; |
| Dimensions | 26 cm. |
| 100 1# - MAIN ENTRY--PERSONAL NAME | |
| Personal name | Weinberg, Steven, |
| Dates associated with a name | 1933- |
| 9 (RLIN) | 14135 |
| 245 14 - TITLE STATEMENT | |
| Title | The quantum theory of fields / |
| Statement of responsibility, etc | Steven Weinberg. |
| 260 ## - PUBLICATION, DISTRIBUTION, ETC. (IMPRINT) | |
| Place of publication, distribution, etc | Cambridge ; |
| -- | New York : |
| Name of publisher, distributor, etc | Cambridge University Press, |
| Date of publication, distribution, etc | 1995-2000. |
| 300 ## - PHYSICAL DESCRIPTION | |
| Extent | 3 v. : |
| 504 ## - BIBLIOGRAPHY, ETC. NOTE | |
| Bibliography, etc | Includes bibliographical references and indexes. |
| 505 0# - FORMATTED CONTENTS NOTE | |
| Formatted contents note | v. 1. Foundations -- v. 2. Modern applications -- v. 3. Supersymmetry. |
| 650 #0 - SUBJECT ADDED ENTRY--TOPICAL TERM | |
| Topical term or geographic name as entry element | Quantum field theory. |
| 9 (RLIN) | 13917 |
| 906 ## - LOCAL DATA ELEMENT F, LDF (RLIN) | |
| a | 7 |
| b | cbc |
| c | orignew |
| d | 1 |
| e | ocip |
| f | 19 |
| g | y-gencatlg |
| 942 ## - ADDED ENTRY ELEMENTS (KOHA) | |
| Source of classification or shelving scheme | Library of Congress Classification |
| Koha item type | Monograph ( Printed materials) |
| Withdrawn status | Lost status | Source of classification or shelving scheme | Damaged status | Not for loan | Collection code | Home library | Current library | Shelving location | Date acquired | Total Checkouts | Full call number | Barcode | Date last seen | Price effective from | Koha item type |
|---|---|---|---|---|---|---|---|---|---|---|---|---|---|---|---|
| Library of Congress Classification | Main Collection | ARRUPE LIBRARY | ARRUPE LIBRARY | Main Collection | 16/01/2015 | QC174.45 .W45 1995 | 46500003180 | 02/07/2019 | 16/01/2015 | Monograph ( Printed materials) |